Les homonymes dans la langue française - lettre I - Statistiques

Statistiques générales
  • Ce quiz a été pris 129 fois
  • Le résultat moyen est 12 sur 14
Statistiques - réponses
Mot Indice Homonyme % Correct
(il) indexe doigt index
96%
il dans l'eau île
95%
(vous) infirmiez il soigne infirmier
95%
(il) imposait obligatoire imposé
93%
(il) interna pensionnat internat
93%
(il) infecte dégoûtant infect
92%
issu solution issue
92%
imper 1 ou 3 impair
91%
(ils) imaginèrent irréel imaginaire
88%
(il) infirme handicapé infirme
88%
(ils) inventèrent bilan inventaire
87%
(il) indique mouchard indic
86%
(il) insère cheminée insert
67%
if mycélium hyphe
15%
Aucun quiz correspondant
Distribution des résultats
% des personnes avec chaque résultat
Percentile par nombre de réponses
Votre historique - résultats
Vous n’avez pas pris ce quiz